000 00539nam a22001817a 4500
999 _c19524
_d19524
003 OSt
005 20210114152409.0
008 161011b xxu||||| |||| 00| 0 eng d
020 _a9789251058289
040 _aMMU
_beng
_cMMU
_dMMU
050 _aKNC795
_b.G87 2008
100 _aGupta, Kavita
245 _aBiosafety regulations of Asia Pacific countries
_cGupta,Kavita ... [et al.]
260 _aRome :
_bAsia Pacific Consortium on agricultural Biotechnology,
_c2008
300 _a93 p. :
650 _aBiosafety
942 _2lcc
_cSPECIAL